| 000 | 00559nam a22002057a 4500 | ||
|---|---|---|---|
| 003 | OSt | ||
| 005 | 20140310183006.0 | ||
| 008 | 130211t xxu||||| |||| 00| 0 eng d | ||
| 020 | _a9719194107 | ||
| 050 |
_aHF 5500 _b.M533 2006 |
||
| 100 | _aMercado, Cesar M. | ||
| 245 |
_aThe successful development manager / _cCesar M. Mercado |
||
| 260 |
_aQuezon City : _b Development Center for Asia Africa Pacific (DCAAP), _c2006. |
||
| 300 |
_a101 p. : _c23 cm. |
||
| 521 | _aBSBA | ||
| 562 | _e2 | ||
| 942 |
_2lcc _cBK _kLOC |
||
| 999 |
_c18176 _d18176 |
||